Cherry Bomb - Tyler, The Creator - Statistics

General Stats
  • This quiz has been taken 15 times
  • The average score is 11 of 13
Answer Stats
Songs Plays Artists % Correct
CHERRY BOMB 29,641,674 Tyler, The Creator
100%
DEATHCAMP 63,431,274 Tyler, The Creator, Cole Alexander
100%
SMUCKERS 167,378,400 Tyler, The Creator, Lil Wayne, Kanye West
92%
FIND YOUR WINGS 73,214,964 Tyler, The Creator, Roy Ayers, Syd, Kali Uchis
85%
FUCKING YOUNG / PERFECT 176,897,300 Tyler, The Creator, Charlie Wilson, Chaz Bundick, Syd, Kali Uchis
85%
PILOT 24,524,055 Tyler, The Creator, Syd
85%
RUN 14,494,180 Tyler, The Creator, Chaz Bundick, ScHoolboy Q
85%
2SEATER 70,323,541 Tyler, The Creator, Aaron Shaw, Samantha Nelson, Austin Feinstein
77%
BLOW MY LOAD 33,836,211 Tyler, The Creator, Wanya Morris, DāM-FunK, Austin Feinstein, Syd
77%
BUFFALO 28,906,052 Tyler, The Creator, Shane Powers
77%
OKAGA, CA 32,269,734 Tyler, The Creator, Alice Smith, Leon Ware, Clem Creevy
77%
KEEP DA O's 14,491,052 Tyler, The Creator, Pharrell Williams, Coco O
69%
THE BROWN STAINS OF DARKEESE LATIFAH PART 6-12 (REMIX) 32,307,458 Tyler, The Creator, ScHoolboy Q
69%
No matching quizzes found
Score Distribution
Percent of People with Each Score
Percentile by Number Answered
Your Score History
You have not taken this quiz